000 00503nam a2200181Ia 4500
001 18418
005 20260306171629.0
008 260306s9999||||xx |||||||||||||| ||und||
041 _aESP
082 _a658.4038011
_bP11
100 _aPablos Heredero, Carmen de
_eAUT
245 0 _aDirección y gestión de los sistemas de información en la empresa:
_buna visión integradora
260 _c2011
300 _a342 páginas :
_c24 cm.
650 _aGEN
654 _aCAN
942 _cLIB
_dJUS
_fJUS
_2ddc
_n
999 _c18418
_d18418